[Event "1. Bundesliga 2018/2019"]
[Site "St. Veit an der Glan"]
[Date "2018.11.17"]
[Round "3"]
[Board "1"]
[White "Menezes, Christoph"]
[Black "Abasov, Nijat"]
[Result "1/2-1/2"]
[WhiteElo "2399"]
[BlackElo "2633"]
[PlyCount "109"]
[EventDate "2018.11.15"]
[EventType "team"]
[EventRounds "11"]
[EventCountry "AUT"]
[WhiteTeam "UNION Ansfelden"]
[BlackTeam "SV Raika Rapid Feffernitz"]

1.d4 Nf6 2.c4 e6 3.g3 c5 4.d5 exd5 5.cxd5 g6 6.Nc3 Bg7 7.Bg2 d6 8.Nf3 O-O 9.O-O Re8
10.Bf4 a6 11.a4 h6 12.Re1 g5 13.Bd2 Bf5 14.h4 g4 15.Nh2 h5 16.Nf1 Bg6 17.Bf4 Qc7 18.Nd2
Nfd7 19.a5 Ne5 20.Be4 Nbd7 21.Qc2 Rab8 22.Bxe5 Nxe5 23.Bxg6 fxg6 24.Nce4 Nf7 25.Nc3
Kh7 26.Nc4 Re7 27.Ne4 Rbe8 28.f3 Kg8 29.Rf1 Qd7 30.Qa4 Qf5 31.Ncxd6 Nxd6 32.Nxd6 Qe5
33.Ne4 Qxd5 34.Rad1 Qe5 35.Qc4+ Kh8 36.b3 Qf5 37.Nd6 Qe5 38.Ne4 Qc7 39.Kg2 Qxa5 40.Rd6
Qb4 41.Qxb4 cxb4 42.Rxg6 Re6 43.Rxe6 Rxe6 44.Rc1 Rc6 45.Rxc6 bxc6 46.Kf1 a5 47.Ke1
gxf3 48.exf3 Kh7 49.Kd2 Kg6 50.Kd3 Be5 51.Kc4 Kf5 52.Kc5 Bb8 53.Kc4 Be5 54.Kc5 Bb8
55.Kc4 1/2-1/2

[Event "1. Bundesliga 2018/2019"]
[Site "St. Veit an der Glan"]
[Date "2018.11.17"]
[Round "3"]
[Board "2"]
[White "Skoberne, Jure"]
[Black "Weiss, Christian"]
[Result "1-0"]
[WhiteElo "2567"]
[BlackElo "2373"]
[PlyCount "59"]
[EventDate "2018.11.15"]
[EventType "team"]
[EventRounds "11"]
[EventCountry "AUT"]
[WhiteTeam "SV Raika Rapid Feffernitz"]
[BlackTeam "UNION Ansfelden"]

1.Nf3 Nf6 2.c4 c6 3.g3 d5 4.Bg2 g6 5.b3 Bg7 6.Bb2 O-O 7.O-O a5 8.Nc3 b6 9.d4 e6 10.Ne5
Nfd7 11.f4 Bb7 12.cxd5 exd5 13.e4 Nxe5 14.fxe5 Na6 15.exd5 cxd5 16.Nb5 Nc7 17.Nd6
Ba6 18.Rf2 Nb5 19.Nxb5 Bxb5 20.Qf3 Ra7 21.Qxd5 Qxd5 22.Bxd5 Rd8 23.Bf3 Rad7 24.Rc1
Bh6 25.Re1 Rxd4 26.Bxd4 Rxd4 27.e6 f5 28.Rc2 Bd2 29.Re5 Be8 30.Rc8 1-0

[Event "1. Bundesliga 2018/2019"]
[Site "St. Veit an der Glan"]
[Date "2018.11.17"]
[Round "3"]
[Board "3"]
[White "Felsberger, Alfred"]
[Black "Schreiner, Peter"]
[Result "1/2-1/2"]
[WhiteElo "2345"]
[BlackElo "2477"]
[PlyCount "149"]
[EventDate "2018.11.15"]
[EventType "team"]
[EventRounds "11"]
[EventCountry "AUT"]
[WhiteTeam "UNION Ansfelden"]
[BlackTeam "SV Raika Rapid Feffernitz"]

1.e4 e5 2.Nf3 Nc6 3.Bc4 Bc5 4.O-O Nf6 5.d3 a6 6.c3 Ba7 7.Nbd2 d6 8.Bb3 O-O 9.h3 h6
10.Re1 Nh5 11.Nf1 Qf6 12.Be3 Bxe3 13.Nxe3 Nf4 14.Nd5 Nxd5 15.exd5 Ne7 16.d4 Ng6 17.dxe5
dxe5 18.Bc2 Bf5 19.Bxf5 Qxf5 20.Qb3 Rab8 21.Re3 Kh8 22.c4 b6 23.Rae1 f6 24.h4 b5 25.c5
Rbd8 26.Rd1 Rd7 27.d6 cxd6 28.Rxd6 Rxd6 29.cxd6 Rd8 30.Rd3 Nf4 31.Rd1 e4 32.Ne1 Qe6
33.g3 Qxb3 34.axb3 Nd3 35.Nxd3 Rxd6 36.f3 exd3 37.Kf2 g5 38.h5 Kg7 39.Ke3 f5 40.f4
gxf4+ 41.gxf4 Re6+ 42.Kxd3 Re4 43.Rg1+ Kh7 44.Rf1 a5 45.Kd2 Kg7 46.Rg1+ Kf7 47.Ra1
Rxf4 48.Rxa5 Rd4+ 49.Ke3 Re4+ 50.Kf3 Kf6 51.Rxb5 Kg5 52.b4 Rh4 53.Kg3 Rd4 54.Rb8 Rd3+
55.Kf2 Rb3 56.b5 Kxh5 57.b6 Kg4 58.b7 Kf4 59.Ke2 Rxb2+ 60.Kd3 h5 61.Kc4 h4 62.Kc5
h3 63.Kc6 h2 64.Rh8 Kg3 65.Rg8+ Kf2 66.Rh8 Kg1 67.Rg8+ Kf2 68.Rh8 Kg3 69.Rg8+ Kf3
70.Rh8 Rxb7 71.Kxb7 Kg2 72.Rg8+ Kh3 73.Rh8+ Kg2 74.Rg8+ Kf1 75.Rh8 1/2-1/2

[Event "1. Bundesliga 2018/2019"]
[Site "St. Veit an der Glan"]
[Date "2018.11.17"]
[Round "3"]
[Board "4"]
[White "Diermair, Andreas"]
[Black "Mostbauer, Florian"]
[Result "1/2-1/2"]
[WhiteElo "2482"]
[BlackElo "2345"]
[PlyCount "60"]
[EventDate "2018.11.15"]
[EventType "team"]
[EventRounds "11"]
[EventCountry "AUT"]
[WhiteTeam "SV Raika Rapid Feffernitz"]
[BlackTeam "UNION Ansfelden"]

1.c4 c6 2.Nf3 d5 3.e3 Nf6 4.Nc3 e6 5.b3 Bd6 6.Bb2 O-O 7.Be2 Nbd7 8.Qc2 Qe7 9.O-O Re8
10.Rad1 dxc4 11.bxc4 e5 12.Nh4 g6 13.g3 e4 14.Ba1 Qe6 15.f3 g5 16.Ng2 exf3 17.Rxf3
Ne5 18.Rff1 Neg4 19.Rde1 Nh5 20.Bxg4 Qxg4 21.Ne2 Qe4 22.d3 Qg6 23.e4 Be5 24.Ne3 Bxa1
25.Rxa1 Ng7 26.Nd4 Qd6 27.Nf3 h6 28.Rad1 Bh3 29.Rf2 Rad8 30.c5 Qe7 1/2-1/2

[Event "1. Bundesliga 2018/2019"]
[Site "St. Veit an der Glan"]
[Date "2018.11.17"]
[Round "3"]
[Board "5"]
[White "Moser, Guenter"]
[Black "Sebenik, Matej"]
[Result "1/2-1/2"]
[WhiteElo "2306"]
[BlackElo "2517"]
[PlyCount "113"]
[EventDate "2018.11.15"]
[EventType "team"]
[EventRounds "11"]
[EventCountry "AUT"]
[WhiteTeam "UNION Ansfelden"]
[BlackTeam "SV Raika Rapid Feffernitz"]

1.d4 d5 2.Nf3 Nf6 3.c3 e6 4.Bg5 Nbd7 5.Nbd2 Be7 6.e3 c5 7.Bd3 b6 8.O-O Bb7 9.Qb1 h6
10.Bh4 O-O 11.b4 cxb4 12.cxb4 Rc8 13.b5 Re8 14.Rd1 Rc3 15.a4 Qa8 16.a5 bxa5 17.Nb3
g5 18.Bg3 Ne4 19.Nxa5 Nxg3 20.hxg3 g4 21.Ne1 Nb6 22.Be2 h5 23.Nd3 Bd6 24.Qb2 Rc7 25.Nc5
Bxc5 26.dxc5 Rxc5 27.Qf6 d4 28.Nxb7 Qxb7 29.Rxd4 Qe7 30.Qh6 Rec8 31.Bxg4 Qf8 32.Qxf8+
Kxf8 33.Be2 R8c7 34.Rd2 Nd5 35.Bxh5 Nxe3 36.Be2 Nd5 37.Bf1 Nc3 38.Rd8+ Ke7 39.Ra8
Nxb5 40.Bxb5 Rxb5 41.R8xa7 Rxa7 42.Rxa7+ Kf6 43.g4 Kg6 44.Kh2 Rb4 45.f3 f5 46.gxf5+
exf5 47.Ra6+ Kg7 48.Kh3 Rc4 49.g3 Rc3 50.f4 Rb3 51.Kh4 Rc3 52.Kg5 Rxg3+ 53.Kxf5 Rf3
54.Ra7+ Kf8 55.Kg5 Rb3 56.f5 Rb6 57.f6 1/2-1/2

[Event "1. Bundesliga 2018/2019"]
[Site "St. Veit an der Glan"]
[Date "2018.11.17"]
[Round "3"]
[Board "6"]
[White "Kavcic, Zan"]
[Black "Mostbauer, Maximilian"]
[Result "1-0"]
[WhiteElo "2379"]
[BlackElo "2170"]
[PlyCount "85"]
[EventDate "2018.11.15"]
[EventType "team"]
[EventRounds "11"]
[EventCountry "AUT"]
[WhiteTeam "SV Raika Rapid Feffernitz"]
[BlackTeam "UNION Ansfelden"]

1.e4 e6 2.d4 d5 3.Nc3 Nf6 4.e5 Nfd7 5.f4 c5 6.Nf3 Nc6 7.Be3 a6 8.Qd2 b5 9.dxc5 Bxc5
10.Bd3 Qb6 11.Bf2 Bxf2+ 12.Qxf2 Qxf2+ 13.Kxf2 Bb7 14.Rhe1 g6 15.Ne2 Nc5 16.Ned4 Nxd4
17.Nxd4 Ke7 18.Ke3 h5 19.h4 Rhc8 20.c3 Nxd3 21.Kxd3 a5 22.Kd2 b4 23.a3 bxc3+ 24.bxc3
Ba6 25.Reb1 a4 26.Rb4 Bc4 27.Rab1 Kf8 28.Rb7 Ba6 29.R7b6 Bc4 30.R1b4 Ke8 31.g3 Kf8
32.Nf3 Ra7 33.Rb7 Rxb7 34.Rxb7 Bb3 35.Rb4 Ke8 36.Nd4 Rc4 37.Rb7 Rc5 38.Nb5 Kd8 39.Nd6
d4 40.Rxb3 axb3 41.Nb7+ Kc7 42.Nxc5 b2 43.Kc2 1-0

[Event "1. Bundesliga 2018/2019"]
[Site "St. Veit an der Glan"]
[Date "2018.11.17"]
[Round "3"]
[Board "1"]
[White "Ragger, Markus"]
[Black "Nisipeanu, Liviu-Dieter"]
[Result "1/2-1/2"]
[WhiteElo "2687"]
[BlackElo "2680"]
[PlyCount "69"]
[EventDate "2018.11.15"]
[EventType "team"]
[EventRounds "11"]
[EventCountry "AUT"]
[WhiteTeam "SC MPOE Maria Saal"]
[BlackTeam "Schachklub Sparkasse Jenbach"]

1.e4 c6 2.Nc3 d5 3.Nf3 dxe4 4.Nxe4 Nf6 5.Qe2 Na6 6.d4 Qd5 7.Nc3 Qa5 8.Ne5 Nb4 9.a3
Be6 10.Rb1 Nbd5 11.b4 Qb6 12.Na4 Qxd4 13.Bb2 Qe4 14.Nc5 Qxe2+ 15.Bxe2 Bc8 16.Bf3 e6
17.O-O Bd6 18.Rfd1 Bc7 19.c4 Ne7 20.a4 O-O 21.b5 Ng6 22.Nxg6 hxg6 23.bxc6 bxc6 24.Ba3
e5 25.Bxc6 Bf5 26.Nd3 Rad8 27.Bxf8 Kxf8 28.Rb7 Bb6 29.Nb2 Rc8 30.Bf3 Ne4 31.Bxe4 Bxe4
32.Rbd7 Bd4 33.R7xd4 exd4 34.Rxd4 Bc2 35.Rd2 1/2-1/2

[Event "1. Bundesliga 2018/2019"]
[Site "St. Veit an der Glan"]
[Date "2018.11.17"]
[Round "3"]
[Board "2"]
[White "Volokitin, Andrei"]
[Black "Predojevic, Borki"]
[Result "1/2-1/2"]
[WhiteElo "2637"]
[BlackElo "2621"]
[PlyCount "93"]
[EventDate "2018.11.15"]
[EventType "team"]
[EventRounds "11"]
[EventCountry "AUT"]
[WhiteTeam "Schachklub Sparkasse Jenbach"]
[BlackTeam "SC MPOE Maria Saal"]

1.e4 e5 2.Nf3 Nc6 3.Bb5 a6 4.Ba4 d6 5.O-O Bd7 6.Re1 g6 7.d4 Bg7 8.d5 Nce7 9.Bxd7+
Qxd7 10.c4 h6 11.Nc3 a5 12.Nd2 b6 13.Ndb1 Nf6 14.Qa4 Nh5 15.Qxd7+ Kxd7 16.Na3 f5 17.f3
Bf6 18.b3 Bg5 19.Nab5 Nc8 20.a3 Na7 21.Ra2 Nxb5 22.cxb5 Bxc1 23.Rxc1 Rhf8 24.Rac2
Nf6 25.g3 Rf7 26.Nd1 Ra7 27.Nf2 Kd8 28.Rc6 Nd7 29.Nd3 fxe4 30.fxe4 Rf3 31.R1c3 Ke7
32.Nf2 Rxc3 33.Rxc3 Nf6 34.g4 h5 35.g5 Nd7 36.Nd3 Nc5 37.Nxc5 bxc5 38.a4 Ra8 39.Rf3
Rf8 40.Rxf8 Kxf8 41.Kf2 Ke8 42.Ke3 Kd8 43.Kd3 Kc8 44.b6 Kb7 45.bxc7 Kxc7 46.Kc4 Kb6
47.h4 1/2-1/2

[Event "1. Bundesliga 2018/2019"]
[Site "St. Veit an der Glan"]
[Date "2018.11.17"]
[Round "3"]
[Board "3"]
[White "Buhmann, Rainer"]
[Black "Bluebaum, Matthias"]
[Result "1-0"]
[WhiteElo "2581"]
[BlackElo "2610"]
[PlyCount "87"]
[EventDate "2018.11.15"]
[EventType "team"]
[EventRounds "11"]
[EventCountry "AUT"]
[WhiteTeam "SC MPOE Maria Saal"]
[BlackTeam "Schachklub Sparkasse Jenbach"]

1.d4 Nf6 2.c4 e6 3.Nf3 d5 4.Nc3 Bb4 5.e3 O-O 6.Bd2 b6 7.cxd5 exd5 8.Rc1 a6 9.Bd3 Bb7
10.O-O Nbd7 11.Ne5 Qe7 12.f4 c5 13.Na4 c4 14.Bf5 Rad8 15.Bxb4 Qxb4 16.b3 b5 17.Nxd7
Nxd7 18.Bxd7 Rxd7 19.Nc5 Re7 20.f5 f6 21.Qf3 Bc6 22.Rf2 Rfe8 23.Re2 Qa3 24.Rcc2 a5
25.Kf2 a4 26.bxc4 bxc4 27.g4 Qb4 28.Rb2 Qa5 29.a3 Kh8 30.Rb4 c3 31.Qf4 h6 32.Rc2 Rxe3
33.Qxe3 Rxe3 34.Kxe3 h5 35.Rxc3 hxg4 36.Kf4 Bb5 37.Ne6 Qa6 38.Kxg4 Be2+ 39.Kg3 Kh7
40.Nf4 Bc4 41.Kf2 Qc8 42.Ne6 Kg8 43.Rb6 Kh8 44.Rd6 1-0

[Event "1. Bundesliga 2018/2019"]
[Site "St. Veit an der Glan"]
[Date "2018.11.17"]
[Round "3"]
[Board "4"]
[White "Wagner, Dennis"]
[Black "Kreisl, Robert"]
[Result "1/2-1/2"]
[WhiteElo "2577"]
[BlackElo "2397"]
[PlyCount "115"]
[EventDate "2018.11.15"]
[EventType "team"]
[EventRounds "11"]
[EventCountry "AUT"]
[WhiteTeam "Schachklub Sparkasse Jenbach"]
[BlackTeam "SC MPOE Maria Saal"]

1.Nf3 c5 2.e4 Nc6 3.d4 cxd4 4.Nxd4 e5 5.Nb5 a6 6.Nd6+ Bxd6 7.Qxd6 Qe7 8.Qd1 Nf6 9.Nc3
d6 10.Bg5 Be6 11.Nd5 Bxd5 12.exd5 Nb8 13.Be2 Nbd7 14.h4 Qd8 15.O-O h6 16.Be3 O-O 17.h5
Ne4 18.Bg4 f5 19.Bxf5 Rxf5 20.Qg4 Qf6 21.Qxe4 Rf8 22.Qg4 Kh8 23.a4 Qf7 24.c4 Rxh5
25.Qe6 Rf5 26.a5 Rc8 27.Qxf7 Rxf7 28.Rfc1 Nf6 29.Bb6 Nd7 30.Be3 Nf6 31.b3 g5 32.Ra4
Kg7 33.Rb4 Rfc7 34.Rd1 Rd7 35.Kf1 Kg6 36.Rb6 h5 37.Ke2 Kf5 38.Rh1 h4 39.f3 Re8 40.b4
e4 41.fxe4+ Nxe4 42.Kd3 Kg4 43.b5 Rde7 44.bxa6 bxa6 45.Rd1 Kg3 46.Rxa6 g4 47.c5 Nxc5+
48.Bxc5 dxc5 49.Rg6 Re4 50.d6 Rd4+ 51.Kc2 Re2+ 52.Kc1 Rc4+ 53.Kb1 Rb4+ 54.Ka1 Ra4+
55.Kb1 Rb4+ 56.Ka1 Ra4+ 57.Kb1 Rb4+ 58.Ka1 1/2-1/2

[Event "1. Bundesliga 2018/2019"]
[Site "St. Veit an der Glan"]
[Date "2018.11.17"]
[Round "3"]
[Board "5"]
[White "Naumann, Alexander"]
[Black "Shengelia, David"]
[Result "0-1"]
[WhiteElo "2541"]
[BlackElo "2530"]
[PlyCount "96"]
[EventDate "2018.11.15"]
[EventType "team"]
[EventRounds "11"]
[EventCountry "AUT"]
[WhiteTeam "SC MPOE Maria Saal"]
[BlackTeam "Schachklub Sparkasse Jenbach"]

1.e4 c5 2.Nf3 Nc6 3.Bb5 g6 4.Bxc6 dxc6 5.d3 Bg7 6.h3 Nf6 7.Nc3 Nd7 8.Be3 e5 9.Qd2
Qe7 10.Bh6 Bxh6 11.Qxh6 f6 12.O-O Nf8 13.Nh2 g5 14.Ne2 Ng6 15.g3 Be6 16.f4 gxf4 17.gxf4
exf4 18.Nxf4 Nxf4 19.Rxf4 Rg8+ 20.Kh1 Rg6 21.Qh4 f5 22.Nf3 fxe4 23.Rxe4 Qxh4 24.Nxh4
Rf6 25.Rg1 O-O-O 26.Kh2 Bd5 27.Re2 c4 28.Rg3 cxd3 29.Rxd3 Bxa2 30.Rxd8+ Kxd8 31.b3
c5 32.Kg3 c4 33.b4 Rb6 34.c3 Bb1 35.Nf3 Bd3 36.Ra2 a6 37.Ne5 Kc7 38.Rf2 Re6 39.Rf7+
Kd6 40.Nxd3 Re3+ 41.Kf4 Rxd3 42.Rxb7 Rxh3 43.Rb6+ Kd5 44.Rxa6 Rxc3 45.Rh6 Rb3 46.b5
Kd4 47.b6 c3 48.Rc6 Kd3 0-1

[Event "1. Bundesliga 2018/2019"]
[Site "St. Veit an der Glan"]
[Date "2018.11.17"]
[Round "3"]
[Board "6"]
[White "Schlosser, Philipp"]
[Black "Halvax, Georg"]
[Result "1-0"]
[WhiteElo "2519"]
[BlackElo "2405"]
[PlyCount "123"]
[EventDate "2018.11.15"]
[EventType "team"]
[EventRounds "11"]
[EventCountry "AUT"]
[WhiteTeam "Schachklub Sparkasse Jenbach"]
[BlackTeam "SC MPOE Maria Saal"]

1.g3 d5 2.Nf3 Nf6 3.Bg2 e6 4.O-O Be7 5.b3 O-O 6.Bb2 c5 7.e3 b6 8.d4 Bb7 9.dxc5 bxc5
10.c4 Nc6 11.cxd5 exd5 12.Nc3 Qd7 13.Rc1 Rad8 14.Na4 Ba6 15.Bxf6 gxf6 16.Re1 Nb4 17.Nxc5
Bxc5 18.Rxc5 Nd3 19.Ra5 Nxe1 20.Qxe1 Bd3 21.Qc3 Be4 22.Qxf6 Qc7 23.Qg5+ Bg6 24.Ra6
Qc1+ 25.Bf1 Qd1 26.Nd4 Rc8 27.Rc6 Rxc6 28.Nxc6 f6 29.Qxd5+ Qxd5 30.Ne7+ Kg7 31.Nxd5
Rd8 32.Nf4 Bf7 33.Bd3 Rc8 34.Ne2 Rd8 35.Nd4 Rc8 36.Kf1 Rc1+ 37.Ke2 Bh5+ 38.Kd2 Rh1
39.h4 Rh2 40.Be2 Bg6 41.Ke1 Rh1+ 42.Kd2 Rh2 43.f3 Rh3 44.e4 h5 45.Nc6 Rxg3 46.Nxa7
f5 47.exf5 Bxf5 48.b4 Rh3 49.b5 Rxh4 50.b6 Rd4+ 51.Ke3 Rd6 52.b7 Rb6 53.Ba6 Bd7 54.Kd4
h4 55.Kc5 h3 56.Kxb6 h2 57.b8=Q h1=Q 58.Qe5+ Kf8 59.Kc7 Qxf3 60.Qd6+ Kg8 61.Bc4+ Kh8
62.Qh6# 1-0

[Event "1. Bundesliga 2018/2019"]
[Site "St. Veit an der Glan"]
[Date "2018.11.17"]
[Round "3"]
[Board "1"]
[White "Dragnev, Valentin"]
[Black "Bosiocic, Marin"]
[Result "0-1"]
[WhiteElo "2514"]
[BlackElo "2613"]
[PlyCount "60"]
[EventDate "2018.11.15"]
[EventType "team"]
[EventRounds "11"]
[EventCountry "AUT"]
[WhiteTeam "mpimmo Wien - SK Ottakring"]
[BlackTeam "SV Pillenkoenig St. Veit"]

1.e4 e5 2.Nf3 Nc6 3.Bb5 a6 4.Ba4 b5 5.Bb3 g6 6.c3 Bg7 7.d4 exd4 8.cxd4 Nge7 9.Nc3
O-O 10.O-O d6 11.h3 Bb7 12.Re1 Na5 13.Bc2 c5 14.Rb1 cxd4 15.Nxd4 Rc8 16.Bg5 h6 17.Bh4
Re8 18.Re3 Qb6 19.Nce2 Nc4 20.Rb3 Nc6 21.Nxc6 Bxc6 22.Nf4 Qd4 23.Qxd4 Bxd4 24.Rd1
Bxb2 25.Nd5 Bxd5 26.Rxd5 Be5 27.Bg3 Na5 28.Ra3 Bxg3 29.fxg3 Rxc2 30.Rxa5 Rxe4 0-1

[Event "1. Bundesliga 2018/2019"]
[Site "St. Veit an der Glan"]
[Date "2018.11.17"]
[Round "3"]
[Board "2"]
[White "Brkic, Ante"]
[Black "Banusz, Tamas"]
[Result "0-1"]
[WhiteElo "2560"]
[BlackElo "2614"]
[PlyCount "72"]
[EventDate "2018.11.15"]
[EventType "team"]
[EventRounds "11"]
[EventCountry "AUT"]
[WhiteTeam "SV Pillenkoenig St. Veit"]
[BlackTeam "mpimmo Wien - SK Ottakring"]

1.e4 e5 2.Nf3 Nf6 3.Nxe5 d6 4.Nf3 Nxe4 5.d4 d5 6.Bd3 Bd6 7.O-O O-O 8.c4 c6 9.Nc3 Nxc3
10.bxc3 dxc4 11.Bxc4 Bf5 12.Bd3 Bxd3 13.Qxd3 Nd7 14.c4 Re8 15.Bb2 Be7 16.Rfe1 Bf6
17.Rxe8+ Qxe8 18.Ba3 Nb6 19.Rb1 Qe6 20.Bc5 Nd7 21.Ba3 Nb6 22.Bc5 Nxc4 23.Rxb7 a5 24.Qb3
h6 25.Rb8+ Rxb8 26.Qxb8+ Kh7 27.Qb1+ g6 28.Qc2 Kg7 29.Kf1 g5 30.h3 Qd5 31.a4 h5 32.Kg1
Qe6 33.Kf1 Nd6 34.Bxd6 Qxd6 35.Qf5 Qb4 36.Nxg5 Qc4+ 0-1

[Event "1. Bundesliga 2018/2019"]
[Site "St. Veit an der Glan"]
[Date "2018.11.17"]
[Round "3"]
[Board "3"]
[White "Papp, Gabor"]
[Black "Antoniewski, Rafal"]
[Result "1-0"]
[WhiteElo "2598"]
[BlackElo "2500"]
[PlyCount "67"]
[EventDate "2018.11.15"]
[EventType "team"]
[EventRounds "11"]
[EventCountry "AUT"]
[WhiteTeam "mpimmo Wien - SK Ottakring"]
[BlackTeam "SV Pillenkoenig St. Veit"]

1.e4 c5 2.Nf3 Nc6 3.d4 cxd4 4.Nxd4 Qb6 5.Nb3 Nf6 6.Nc3 e6 7.Bd3 Be7 8.Be3 Qc7 9.f4
d6 10.g4 a6 11.g5 Nd7 12.Qd2 b5 13.O-O-O Bb7 14.Kb1 Nc5 15.Nxc5 dxc5 16.Qf2 Nb4 17.Bf1
O-O 18.Bg2 Rfd8 19.f5 Bf8 20.g6 hxg6 21.fxg6 Rxd1+ 22.Rxd1 fxg6 23.Bh3 Re8 24.Qg2
Bc8 25.Qxg6 Qf7 26.Qg3 Nc6 27.Rf1 Qh5 28.Bg4 Qg6 29.Qf3 Ne5 30.Bh5 Qh7 31.Bf7+ Kh8
32.Qf4 Nxf7 33.Qxf7 Qh3 34.Rf3 1-0

[Event "1. Bundesliga 2018/2019"]
[Site "St. Veit an der Glan"]
[Date "2018.11.17"]
[Round "3"]
[Board "4"]
[White "Rogic, Davor"]
[Black "Blohberger, Felix"]
[Result "1-0"]
[WhiteElo "2499"]
[BlackElo "2464"]
[PlyCount "137"]
[EventDate "2018.11.15"]
[EventType "team"]
[EventRounds "11"]
[EventCountry "AUT"]
[WhiteTeam "SV Pillenkoenig St. Veit"]
[BlackTeam "mpimmo Wien - SK Ottakring"]

1.e4 c5 2.Nf3 d6 3.d4 cxd4 4.Nxd4 Nf6 5.Nc3 a6 6.a4 e6 7.Be2 Be7 8.O-O O-O 9.f4 Qc7
10.Kh1 Nc6 11.Be3 Nxd4 12.Qxd4 Bd7 13.Bf3 Bc6 14.Rad1 Rad8 15.Qc4 Rc8 16.Rd2 Qb8 17.Qb3
b5 18.axb5 axb5 19.Bd4 b4 20.Bxf6 Bxf6 21.Na2 Bb5 22.Be2 Bxe2 23.Rxe2 Qb5 24.Nc1 Rc4
25.Nd3 Rfc8 26.h3 Rd4 27.Ra1 g6 28.Ra7 Qc4 29.Qxc4 Rdxc4 30.e5 dxe5 31.fxe5 Bh4 32.Rb7
Rxc2 33.Rxc2 Rxc2 34.Rxb4 Be7 35.Rb7 Bg5 36.Kh2 Rd2 37.Rb3 Bh4 38.Nc5 Bg5 39.Kg3 Be7
40.Ne4 Rd8 41.Rb7 Kf8 42.Nf6 h6 43.b4 Bxf6 44.exf6 g5 45.b5 Kg8 46.Kf3 Kh7 47.Rxf7+
Kg6 48.Rc7 Kxf6 49.Rc3 Rb8 50.Rb3 Rb6 51.Ke4 Ke7 52.Ke5 Kd7 53.g4 Ke7 54.Rb1 Kd7 55.Kf6
Kd6 56.Kg6 e5 57.Kxh6 e4 58.Kxg5 Ke5 59.h4 e3 60.h5 Ke4 61.h6 e2 62.h7 Rxb5+ 63.Rxb5
e1=Q 64.h8=Q Qc1+ 65.Kg6 Qc6+ 66.Qf6 Qe8+ 67.Qf7 Qc6+ 68.Kg5 Qc1+ 69.Kh5 1-0

[Event "1. Bundesliga 2018/2019"]
[Site "St. Veit an der Glan"]
[Date "2018.11.17"]
[Round "3"]
[Board "5"]
[White "Stohl, Igor"]
[Black "Riemelmoser, Franz"]
[Result "1/2-1/2"]
[WhiteElo "2489"]
[BlackElo "2277"]
[PlyCount "51"]
[EventDate "2018.11.15"]
[EventType "team"]
[EventRounds "11"]
[EventCountry "AUT"]
[WhiteTeam "mpimmo Wien - SK Ottakring"]
[BlackTeam "SV Pillenkoenig St. Veit"]

1.d4 e6 2.c4 Nf6 3.Nc3 Bb4 4.Qc2 O-O 5.a3 Bxc3+ 6.Qxc3 b6 7.Bg5 c5 8.dxc5 bxc5 9.e3
Nc6 10.Nf3 Rb8 11.Nd2 d5 12.Bxf6 Qxf6 13.Qxf6 gxf6 14.cxd5 exd5 15.b3 Be6 16.Be2 Na5
17.Bd1 d4 18.exd4 Nxb3 19.Nxb3 Bxb3 20.dxc5 Rfc8 21.Rc1 Bxd1 22.Kxd1 Rb2 23.Rc2 Rb1+
24.Rc1 Rb2 25.Rc2 Rb1+ 26.Rc1 1/2-1/2

[Event "1. Bundesliga 2018/2019"]
[Site "St. Veit an der Glan"]
[Date "2018.11.17"]
[Round "3"]
[Board "6"]
[White "Ceschia, Ivano"]
[Black "Schneider-Zinner, Harald"]
[Result "1/2-1/2"]
[WhiteElo "2244"]
[BlackElo "2400"]
[PlyCount "60"]
[EventDate "2018.11.15"]
[EventType "team"]
[EventRounds "11"]
[EventCountry "AUT"]
[WhiteTeam "SV Pillenkoenig St. Veit"]
[BlackTeam "mpimmo Wien - SK Ottakring"]

1.e4 e6 2.d4 d5 3.Nd2 c5 4.exd5 exd5 5.Ngf3 Nc6 6.Bb5 Qe7+ 7.Be2 Qc7 8.O-O Nf6 9.Re1
cxd4 10.Nb3 Be7 11.Nbxd4 O-O 12.c3 h6 13.Bd3 Bg4 14.h3 Bxf3 15.Qxf3 Nxd4 16.cxd4 Rfe8
17.Bf4 Qb6 18.Be5 Bb4 19.Re2 Re6 20.a3 Bf8 21.Rae1 g6 22.Bb1 Bg7 23.Ba2 Rd8 24.Rc1
Rc6 25.Rec2 Rdc8 26.Rxc6 Rxc6 27.Rxc6 Qxc6 28.Bxf6 Bxf6 29.Bxd5 Qc1+ 30.Kh2 Kg7 1/2-1/2

[Event "1. Bundesliga 2018/2019"]
[Site "St. Veit an der Glan"]
[Date "2018.11.17"]
[Round "3"]
[Board "1"]
[White "Michalik, Peter"]
[Black "Georgiadis, Nico"]
[Result "1-0"]
[WhiteElo "2577"]
[BlackElo "2526"]
[PlyCount "83"]
[EventDate "2018.11.15"]
[EventType "team"]
[EventRounds "11"]
[EventCountry "AUT"]
[WhiteTeam "SK Mayrhofen/Zell/Zillertal"]
[BlackTeam "Schachclub Sparkasse Goetzis"]

1.e4 c5 2.Nf3 d6 3.d4 cxd4 4.Nxd4 Nf6 5.Nc3 a6 6.Be3 e5 7.Nb3 Be6 8.f3 Nbd7 9.Qd2
h5 10.Nd5 Bxd5 11.exd5 g6 12.Be2 Bg7 13.Na5 Qc7 14.c4 O-O 15.O-O b6 16.Nc6 Nb8 17.Rad1
Nxc6 18.dxc6 Rfd8 19.Qb4 Rab8 20.Qa4 Rdc8 21.Qxa6 Qxc6 22.a4 Nd7 23.b4 Ra8 24.Qb5
Qxb5 25.cxb5 Bf8 26.Ra1 d5 27.Bd2 Rc2 28.Rfd1 Rb2 29.a5 d4 30.Rab1 Rxb1 31.Rxb1 Rc8
32.Rc1 Rxc1+ 33.Bxc1 bxa5 34.bxa5 Bb4 35.a6 Bc5 36.Kf1 Kf8 37.Bd3 f5 38.Bc4 Ke7 39.Bg5+
Ke8 40.Bd5 Kf8 41.Bc6 Nb8 42.Bf6 1-0

[Event "1. Bundesliga 2018/2019"]
[Site "St. Veit an der Glan"]
[Date "2018.11.17"]
[Round "3"]
[Board "2"]
[White "Krassowizkij, Jaroslaw"]
[Black "Votava, Jan"]
[Result "1-0"]
[WhiteElo "2460"]
[BlackElo "2518"]
[PlyCount "81"]
[EventDate "2018.11.15"]
[EventType "team"]
[EventRounds "11"]
[EventCountry "AUT"]
[WhiteTeam "Schachclub Sparkasse Goetzis"]
[BlackTeam "SK Mayrhofen/Zell/Zillertal"]

1.d4 Nf6 2.c4 g6 3.Nc3 d5 4.cxd5 Nxd5 5.Bd2 Bg7 6.e4 Nxc3 7.Bxc3 c5 8.d5 Bxc3+ 9.bxc3
O-O 10.h4 e6 11.d6 Qf6 12.Qf3 Nd7 13.Qxf6 Nxf6 14.e5 Ng4 15.f4 f6 16.Bb5 a6 17.Be2
Ne3 18.Kd2 Nd5 19.Rf1 b5 20.h5 Ra7 21.Rf3 gxh5 22.Rg3+ Rg7 23.Rxg7+ Kxg7 24.g3 fxe5
25.fxe5 Rf2 26.Rxh5 Kg6 27.Rh4 Rg2 28.Nh3 Rxg3 29.Bd3+ Kf7 30.Rxh7+ Ke8 31.Be4 Nb6
32.Nf4 Nc4+ 33.Kc2 Nxe5 34.Nh5 Re3 35.Nf6+ Kf8 36.Rc7 Bd7 37.Rxd7 Nxd7 38.Nxd7+ Kf7
39.Nxc5 a5 40.Nb7 Re2+ 41.Kd1 1-0

[Event "1. Bundesliga 2018/2019"]
[Site "St. Veit an der Glan"]
[Date "2018.11.17"]
[Round "3"]
[Board "3"]
[White "Lanka, Zigurds"]
[Black "Kvetny, Mark"]
[Result "1-0"]
[WhiteElo "2403"]
[BlackElo "2409"]
[PlyCount "73"]
[EventDate "2018.11.15"]
[EventType "team"]
[EventRounds "11"]
[EventCountry "AUT"]
[WhiteTeam "SK Mayrhofen/Zell/Zillertal"]
[BlackTeam "Schachclub Sparkasse Goetzis"]

1.e4 c6 2.c4 d5 3.exd5 cxd5 4.cxd5 Nf6 5.Nc3 g6 6.Bc4 Bg7 7.Nge2 O-O 8.d4 Na6 9.Qb3
Nc7 10.Bf4 b6 11.O-O Bb7 12.d6 exd6 13.d5 Rb8 14.Qa3 Nfe8 15.b4 a6 16.Rad1 Rc8 17.Be3
b5 18.Bb3 Nf6 19.Bd4 Na8 20.Qb2 Nb6 21.Ne4 Nxe4 22.Bxg7 Re8 23.f3 f6 24.fxe4 Kxg7
25.Qd4 Nd7 26.Nf4 Qb6 27.Ne6+ Kg8 28.Qxb6 Nxb6 29.Rxf6 Nd7 30.Rf4 Re7 31.Rdf1 h6 32.R4f3
Rce8 33.Rc3 Rc8 34.Rxc8+ Bxc8 35.e5 Rf7 36.Rc1 Bb7 37.Nd8 1-0

[Event "1. Bundesliga 2018/2019"]
[Site "St. Veit an der Glan"]
[Date "2018.11.17"]
[Round "3"]
[Board "4"]
[White "Kessler, Luca"]
[Black "Maiwald, Jens-Uwe"]
[Result "1/2-1/2"]
[WhiteElo "2432"]
[BlackElo "2432"]
[PlyCount "70"]
[EventDate "2018.11.15"]
[EventType "team"]
[EventRounds "11"]
[EventCountry "AUT"]
[WhiteTeam "Schachclub Sparkasse Goetzis"]
[BlackTeam "SK Mayrhofen/Zell/Zillertal"]

1.d4 d6 2.Nf3 g6 3.c4 Bg7 4.Nc3 Bg4 5.e3 Nf6 6.Be2 O-O 7.O-O c5 8.h3 Bf5 9.Bd2 Na6
10.Rc1 Re8 11.d5 Nc7 12.Ng5 h6 13.e4 Bd7 14.Nf3 e5 15.dxe6 Nxe6 16.Be3 Bc6 17.e5 Bxf3
18.Bxf3 dxe5 19.Bxb7 Rb8 20.Bc6 Rf8 21.b3 Nd4 22.Bf3 Qa5 23.Be2 Rfd8 24.Qe1 Qa3 25.Bd1
Kh7 26.Kh1 Rd7 27.Bc2 Re8 28.Bb1 Qa6 29.f3 h5 30.Qh4 Bh6 31.Rce1 Bxe3 32.Rxe3 Kg7
33.Rfe1 Rde7 34.Qg5 Qd6 35.Qh4 a6 1/2-1/2